Indigenous Groups and Traditional Institutions - Statistics

General Stats
  • This quiz has been taken 85 times
  • The average score is 11 of 16
Answer Stats
Picture Hint Answer % Correct
Sami people Norway
99%
Cherokee (here, the chief's cabinet) United States
96%
Uyghur people China
91%
Mixteca people (here, voting) Mexico
91%
Amazigh (aka Berbers) Morocco
86%
Pashtun peoples' "jirga" (dispute resolution) Pakistan
86%
Iyalode (title for female Yoruba chieftan) Nigeria
84%
Olubadan Chieftancy Nigeria
72%
Aymara (govern some autonomous territories) Bolivia
71%
Kalaallit Nunaat (autonomous territory) Denmark
67%
Iñupiaq people United States
67%
Melanesians (here, a workshop. Hint: in Honiara) Solomon Islands
64%
Tuareg people Mali
62%
Angami Naga People India
38%
Triqui people (at an assembly) Mexico
29%
Bedouin Jahalin people Palestine
24%
No matching quizzes found
Score Distribution
Percent of People with Each Score
Percentile by Number Answered
Your Score History
You have not taken this quiz